| Поле | Инд. | ПП | Название | Значение |
|---|---|---|---|---|
| Тип записи | a | |||
| Библиографический уровень | b | |||
| 001 | Контрольный номер | UNIDUBNA53a6d1d0cab840b1955fa75e7e68fe9b | ||
| 005 | Дата корректировки | 20230131095831.2 | ||
| 008 | Кодируемые данные | 20170331 | ||
| 040 | b | Код языка каталог. | rus | |
| e | Правила каталог. | PSBO | ||
| 041 | 0_ | a | Код языка текста | rus |
| 084 | a | Индекс другой классификации/Индекс ББК | 67.410.203 | |
| 100 | 1_ | a | Автор | Кольчурин А. Г. |
| q | Полное имя | Кольчурин Андрей Геннадьевич | ||
| 100 | 1_ | a | Автор | Плетнев В. В. |
| q | Полное имя | Плетнев Вячеслав Витальевич | ||
| 245 | 10 | a | Заглавие | О возмещении морального вреда при рассмотрении уголовного дела о ДТП |
| 520 | 0_ | a | Аннотация | Анализируется законодательство, регламентирующее вопросы возмещения морального вреда; рассматриваются особенности причинения морального вреда при совершении ДТП; определяются критерии оценки причиненного морального ущерба; формулируются рекомендации, связанные с установлением и возмещением морального вреда, причиненного ДТП |
| 650 | 14 | a | Основная рубрика | право |
| a | Основная рубрика | процессуальное право | ||
| a | Основная рубрика | судопроизводство | ||
| a | Основная рубрика | уголовное процессуальное право | ||
| 653 | 0_ | a | Ключевые слова | возмещение морального вреда |
| a | Ключевые слова | дорожно-транспортные преступления | ||
| a | Ключевые слова | дорожно-транспортные происшествия (ДТП) | ||
| a | Ключевые слова | моральный вред | ||
| a | Ключевые слова | нравственные страдания | ||
| a | Ключевые слова | рассмотрение уголовных дел | ||
| a | Ключевые слова | Уголовно-процессуальный кодекс РФ | ||
| a | Ключевые слова | уголовный процесс | ||
| a | Ключевые слова | физические страдания | ||
| 773 | 08 | t | Заглавие источника | Российская юстиция |
| d | Дата издания источника | 2021 | ||
| g | Прочая информация | № 3. - С. 36 - 37 | ||
| w | Контрольный № источника | b885f12bde384f57bfa824b25e31dd75 | ||
| 901 | t | Тип документа | b |